00886nam a2200241Ia 450000100060000000300090000600800410001504000130005604000130006904100120008210000290009410000290012324500420015224500510019425000110024526000120025626000180026826000490028630000580033550001770039365000430057065000310061357457IT-RoPAU130308s9999 xx 000 0 und d aIT-RoPAU cIT-RoPAU aINGLESE aEnzensberger Hans Magnus gCodice Aut. SPICS: 6926 aConstituents of a Theory of the Media bSociology Of Mass Communications (II Edizione) a2a ed. aENGLAND bPenguin Books c1976 [1° Ed.:1972 - Ed.Ling.Originale:1970] a"18 p. (prefazione: no ; testo: 18 [pagine: 99-116])" aCostitutivi della Teoria dei Media potenza dei Media Arcaismo Culturale nella Critica di sinistra manipolazione Democratica Proprietà dei Nuovi Media Strategia Socialista aSOCIOLOGIA DELLA COMUNICAZIONE SOCIALE eCodice materia Spics: 3806